000 00972cam a22003257a 4500
003 CHAP
005 20220817043138.0
008 971013s1984 r 00010 d
010 _a66789
011 _a67761
035 _a77233
040 _cCHAP
082 _a633.18
_bF38
110 _aFAO
245 1 0 _aEnvironmental management for vector control in rice fields
260 _aRome :
_bFAO,
_c1984
300 _a152 p.
_b: gráfs., mapas
490 0 _aRiego y drenaje
_v; 41
590 _aBATCH-UPD
_b10
_c20130110
_lUCH01
_h0533
590 _aBATCH-UPD
_b10
_c20130110
_lUCH01
_h2318
590 _aCONVERSION
_b10
_c20130109
_lUCH01
_h1337
650 1 4 _aArroz
_xEnfermedades.
_97600
650 1 4 _aArroz
_xPlagas.
_97643
650 1 4 _aInsectos como vectores.
_958956
700 0 _aMather, T. H.
_972990
830 0 _aRiego y drenaje
_v; 41
_997387
901 _aBK
942 _cLIBRO
949 _a633.18 F38
_bBC
_cFAO
_d-30099
_eFAO1
_gI.139877
_h72359
_i77233
_si
_t10.36
999 _c66789
_d66789